00493 2200205 4500001002100000008004100021035002000062245004300082100001900125250000600144260004200150300001100192084001400203082000800217650001400225990001200239990001200251990001200263990001200275INLIS000000000000557 ind  a0010-0424000533 aJejak Sejarah IndonesiacWahjudi Djaja aDjaja, Wahjudi a1 aKlaten :bSaka Mitra Kompetensic2015 a76 hlm a900 WAH j a900 aNon Fiksi a0722256 a0722257 a0722258 a0722259